[Event "1800 - 2200 Standard Tournament"]
[Site "SchemingMind.com"]
[Date "2006.12.04"]
[Round "-"]
[White "Netferatu"]
[Black "faulty"]
[Result "1/2-1/2"]
[WhiteCountry "ARG"]
[BlackCountry "USA"]
[WhiteElo "2079"]
[WhiteRD "82"]
[BlackElo "1870"]
[BlackRD "73"]
[GameID "80017"]

1. e4 e5 2. Nf3 Nc6 3. Bb5 a6 4. Bxc6 dxc6 5. O-O Bg4 6. h3 h5 7. d3 Bd6 8. Be3 Qf6 9. Nbd2 Be6 10. c4 c5
11. b4 cxb4 12. c5 Be7 13. Qa4+ Bd7 14. Qxb4 b6 15. Qc3 bxc5 16. Nxe5 Bd6 17. Ndf3 Ne7 18. Rfc1 Be6 19. Bxc5 O-O 20. Bxd6 cxd6
21. Nc6 Nxc6 22. Qxc6 Bxh3 23. Qd5 Bg4 24. Nh2 Qe6 25. Nxg4 hxg4 26. Rc6 Qxd5 27. exd5 Rfd8 28. Re1 Rd7 29. Re4 a5 30. Rxg4 a4
31. Rb4 Ra5 32. d4 Rxd5 33. Rxa4 Re7 34. g3 Re4 35. Rcc4 Re2 36. Kf1 Rb2 37. Rcb4 Rc2 38. g4 Rg5 39. f3 Rg6 40. Rb5 Re6
41. Ra8+ Kh7 42. Rh5+ Kg6 43. Raa5 Ree2 44. Rhg5+ Kf6 45. Raf5+ Ke6 46. Rxg7 Rf2+ 47. Kg1 Rg2+ 48. Kf1= Rcf2+ 49. Ke1 Re2+=
1/2-1/2

[Event "1800 - 2200 Standard Tournament"]
[Site "SchemingMind.com"]
[Date "2006.12.04"]
[Round "-"]
[White "Netferatu"]
[Black "Aumonde"]
[Result "0-1"]
[WhiteCountry "ARG"]
[BlackCountry "USA"]
[WhiteElo "2079"]
[WhiteRD "82"]
[BlackElo "2254"]
[BlackRD "57"]
[GameID "80018"]

1. e4 e5 2. Nf3 Nc6 3. Bb5 Nf6 4. d3 d6 5. Nc3 g6 6. d4 exd4 7. Nxd4 Bd7 8. O-O Bg7 9. Nxc6 bxc6 10. Ba4 O-O
11. Bb3 Rb8 12. Bg5 h6 13. Be3 c5 14. f3 Qe7 15. Qd2 Kh7 16. Rae1 Bc8 17. Nd5 Nxd5 18. exd5 Qf6 19. c3 Ba6 20. Rf2 Rfe8
21. Ba4 Re7 22. f4 Kg8 23. Qd1 Bc4 24. b3 Qxc3 25. Rc2 Qd3 26. Rd2 Rxe3 27. Rxd3 Rxd3 28. Qc2 Ba6 29. Bc6 Bc3 30. Rd1 Re3
31. Qc1 Bd4 32. Kh1 Re2 33. Qa3 Rb6 34. h3 Rf2 35. Kh2 Rxf4 36. Qa5 Rf2 37. Kg3 Rc2 38. Kh2 Bc3 39. Qa3 Bb4 40. Qa4 Be2
41. Qxa7 Bxd1 42. Qxc7 Bf3 43. Be8 Rxg2+ 44. Kh1 Rxa2+ 45. Kg1 Ra1+ 46. Kh2 Rh1+ 47. Kg3 Bxd5 48. Qxb6 Be1+ 49. Kf4 Rxh3 50. Bxf7+ Bxf7
51. Qb8+ Kg7 52. Qb7 Bd2+ 53. Kg4 Rd3
0-1

[Event "1800 - 2200 Standard Tournament"]
[Site "SchemingMind.com"]
[Date "2006.12.04"]
[Round "-"]
[White "Netferatu"]
[Black "ernesto fonseca"]
[Result "1-0"]
[WhiteCountry "ARG"]
[BlackCountry "NCA"]
[WhiteElo "2079"]
[WhiteRD "82"]
[BlackElo "2009"]
[BlackRD "89"]
[GameID "80019"]

1. e4 e5 2. Nf3 Nc6 3. Bb5 Bc5 4. Bxc6 dxc6 5. d3 Bg4 6. O-O Qe7 7. Nbd2 O-O-O 8. Nb3 Bd6 9. Be3 Kb8 10. h3 Bh5
11. c4 c5 12. Na5 c6 13. b4 cxb4 14. a3 Bc5= 15. Bxc5 Qxc5 16. axb4 Qe7 17. b5 c5 18. g4 Bg6 19. Qa4 Kc8 20. Nc6 bxc6
21. bxc6 Rd6 22. Rfb1 Qc7 23. Nxe5 Ne7 24. Rb7 Rxc6 25. Rxc7+ Rxc7 26. Rb1
1-0

[Event "1800 - 2200 Standard Tournament"]
[Site "SchemingMind.com"]
[Date "2006.12.09"]
[Round "-"]
[White "Netferatu"]
[Black "egis"]
[Result "1-0"]
[WhiteCountry "ARG"]
[BlackCountry "LTU"]
[WhiteElo "2100"]
[WhiteRD "84"]
[BlackElo "1969"]
[BlackRD "79"]
[GameID "80020"]

1. e4 e5 2. Nf3 Nc6 3. Bb5 d6 4. d4 Bd7 5. d5 Nb8 6. Bxd7+ Nxd7 7. Nc3 Ngf6 8. O-O Be7 9. b3 O-O 10. Re1 b6
11. Bb2 Nc5 12. b4 Ncd7 13. a4 Nh5 14. Bc1 Ndf6 15. h3 Qd7 16. Nh4 c6 17. dxc6 Qxc6 18. Nd5 Rfe8 19. Nf5 Bd8 20. g4 Nxd5
21. b5 Qc3 22. Ra3 Qb4 23. Rb3 Qa5 24. exd5 Nf6 25. Nxd6 Re7 26. g5 Nxd5 27. Nc4 Qxa4 28. Qxd5 Rc8 29. Rd1 Bc7 30. Ba3 Ree8
31. Rf3 Kh8 32. Qxf7 Rg8 33. g6 Qxc2 34. Rfd3 hxg6 35. Qxg6 Rgf8 36. Bxf8 Rxf8 37. R1d2 Qxc4 38. Rd7 Qg8 39. Rxc7 Qh7 40. Qxh7+ Kxh7
41. Rdd7 Kh6 42. Rd6+ Kh7 43. Rxa7 Rb8 44. Rdd7 Kg6 45. Rxg7+ Kf5 46. Rab7 Rh8 47. Rh7 Rg8+ 48. Rbg7 Re8 49. Rh6 Rb8 50. Rgg6 Rc8
51. Rf6+ Ke4 52. Rxb6 Rg8+ 53. Rbg6 Re8 54. Rg7 Kd3 55. b6 Rd8 56. b7 Ke4 57. Kg2 Rb8 58. Rc6 Kd5 59. Rc8 Rxb7 60. Rxb7 e4
61. Rd7+ Ke6 62. Re8+ Kxd7 63. Rxe4
1-0

[Event "1800 - 2200 Standard Tournament"]
[Site "SchemingMind.com"]
[Date "2006.12.04"]
[Round "-"]
[White "Netferatu"]
[Black "ekulrac"]
[Result "1-0"]
[WhiteCountry "ARG"]
[BlackCountry "SCO"]
[WhiteElo "2083"]
[WhiteRD "93"]
[BlackElo "1711"]
[BlackRD "53"]
[GameID "80022"]

1. e4 e5 2. Nf3 Nc6 3. Bb5 a6 4. Ba4 Nf6 5. d3 b5 6. Bb3 Be7 7. Nc3 d6 8. a4 b4 9. Nd5 Na5 10. Nxf6+ Bxf6
11. Ba2 b3 12. cxb3 Rb8 13. b4 Nc6 14. b5 axb5 15. axb5 Rxb5 16. Qa4 Rc5 17. b4 Rc3 18. Bb2 Rxd3 19. Qxc6+ Qd7 20. Bxf7+ Ke7
21. Qc4 Rxf3 22. gxf3
1-0

[Event "1800 - 2200 Standard Tournament"]
[Site "SchemingMind.com"]
[Date "2006.12.04"]
[Round "-"]
[White "Netferatu"]
[Black "Marvol"]
[Result "1-0"]
[WhiteCountry "ARG"]
[BlackCountry "GBR"]
[WhiteElo "2083"]
[WhiteRD "93"]
[BlackElo "1987"]
[BlackRD "132"]
[GameID "80023"]

1. e4 e5 2. Nf3 Nc6 3. Bb5 Nf6 4. d3 Bc5 5. O-O O-O 6. Bxc6 dxc6 7. Nxe5 Re8 8. Nf3 Bg4 9. Bg5 Qd6 10. h3 Bh5
11. Nbd2 b5 12. e5 Rxe5 13. Bf4 Rae8 14. c3 Qxd3 15. Bxe5 Rxe5 16. Nxe5
1-0

[Event "1800 - 2200 Standard Tournament"]
[Site "SchemingMind.com"]
[Date "2006.12.04"]
[Round "-"]
[White "markagodfrey"]
[Black "Netferatu"]
[Result "1-0"]
[WhiteCountry "GBR"]
[BlackCountry "ARG"]
[WhiteElo "2131"]
[WhiteRD "72"]
[BlackElo "2083"]
[BlackRD "93"]
[GameID "80024"]

1. e4 e5 2. Nf3 Nc6 3. Bb5 Bc5 4. c3 Nf6 5. O-O O-O 6. d4 Bb6 7. Bg5 h6 8. Bh4 g5 9. Nxg5 Nxd4 10. Nh3 Nxb5
11. Qf3 Kg7 12. Nf4 d6 13. Nh5+ Nxh5 14. Bxd8
1-0

[Event "1800 - 2200 Standard Tournament"]
[Site "SchemingMind.com"]
[Date "2006.12.04"]
[Round "-"]
[White "faulty"]
[Black "Netferatu"]
[Result "0-1"]
[WhiteCountry "USA"]
[BlackCountry "ARG"]
[WhiteElo "1843"]
[WhiteRD "71"]
[BlackElo "2083"]
[BlackRD "93"]
[GameID "80025"]

1. e4 e5 2. Nf3 Nc6 3. Bb5 a6 4. Ba4 b5 5. Bb3 Nf6 6. d3 Bc5 7. Bg5 h6 8. Bh4 O-O 9. c3 Bb7 10. O-O Re8
11. d4 exd4 12. cxd4 Be7 13. e5 Nh7 14. Bxe7 Nxe7 15. Nc3 b4 16. Na4 d6 17. e6 fxe6 18. Bxe6+ Kh8 19. d5 Nf6 20. Nh4 Bxd5
21. Ng6+ Nxg6 22. Bxd5 Nxd5 23. Qxd5 Nf4 24. Qc4 Qg5 25. g3 Ne2+ 26. Kg2 Qb5 27. b3 Qxc4 28. bxc4 Re4 29. Rfe1 Rae8 30. Kf1 Nc3
31. Nxc3 bxc3 32. Rac1 Rxe1+ 33. Rxe1 Rxe1+ 34. Kxe1 c6 35. Ke2 d5 36. cxd5 cxd5 37. f4 Kg8 38. g4 Kf7 39. h4 g6 40. Kd3 d4
41. a3 h5
0-1

[Event "1800 - 2200 Standard Tournament"]
[Site "SchemingMind.com"]
[Date "2006.12.04"]
[Round "-"]
[White "Aumonde"]
[Black "Netferatu"]
[Result "1-0"]
[WhiteCountry "USA"]
[BlackCountry "ARG"]
[WhiteElo "2244"]
[WhiteRD "56"]
[BlackElo "2083"]
[BlackRD "93"]
[GameID "80026"]

1. e4 e5 2. Nf3 Nc6 3. Bb5 Nf6 4. Nc3 Bc5 5. Nxe5 Nxe5 6. d4 Bd6 7. f4 Ng6 8. e5 c6 9. exd6 cxb5 10. f5 Nh4
11. O-O O-O 12. Bg5 Nxg2 13. Nd5 Ne3 14. Nxe3 h6 15. Bh4 Kh7 16. Qf3 Rg8 17. Nd5 b6 18. Ne7 Rb8 19. Bxf6 gxf6+ 20. Nxg8 Qxg8+
21. Qg3 Bb7 22. Rae1 Bd5 23. Re7 Qxg3+ 24. hxg3 Rd8 25. b3 h5 26. Rfe1 Kh6 27. Re8 Rxe8 28. Rxe8 Kg5 29. Rd8 Kxf5 30. Rxd7 Ke6
31. Rxa7 Kxd6 32. Kf2 Be6 33. Ke3 Kd5 34. c3 Kc6 35. Kf4 Kd5 36. Ra8 Bg4 37. Rd8+ Kc6 38. Ke4 Bh3 39. Rh8
1-0

[Event "1800 - 2200 Standard Tournament"]
[Site "SchemingMind.com"]
[Date "2006.12.09"]
[Round "-"]
[White "egis"]
[Black "Netferatu"]
[Result "0-1"]
[WhiteCountry "LTU"]
[BlackCountry "ARG"]
[WhiteElo "1969"]
[WhiteRD "79"]
[BlackElo "2100"]
[BlackRD "84"]
[GameID "80028"]

1. e4 e5 2. Nf3 Nc6 3. Bb5 Nf6 4. O-O Bc5 5. Bxc6 dxc6 6. d3 Qd6 7. Bg5 h6 8. Bxf6 Qxf6 9. Nc3 Bg4 10. h3 Bxf3
11. Qxf3 Qxf3 12. gxf3 O-O-O 13. Ne2 Rhf8 14. b3 f5 15. Ng3 g6 16. Rab1 fxe4 17. fxe4 a5 18. a4 Rf7 19. Kg2 Rdf8 20. f3 Kd7
21. c4 Ke6 22. Rbd1 Rd7 23. Ne2 Be3 24. h4 Rfd8 25. d4 exd4 26. f4 d3 27. Ng3 d2 28. Rf3 Bc5 29. h5 g5 30. fxg5 hxg5
31. h6 Rh8 32. Nf5 Ke5 33. Ng3 Bb4 34. Rf5+ Kd4 35. Rxg5 Kd3 36. Rg7 Rxg7 37. hxg7 Rg8 38. Ra1 Bc3 39. Rf1 Be5 40. Nf5 Kxe4
41. Kf2 d1=Q 42. Rxd1 Kxf5 43. Rf1 Ke4 44. Re1+ Kd4 45. Kf3 Bxg7 46. Re3 Bf6 47. Re1 Kc3 48. Re3+ Kb2 49. Rd3 Bc3 50. Rd7 Kxb3
51. c5 Kxa4 52. Rf7 Kb3 53. Rxc7 Rg7 54. Rc8 a4 55. Ra8 a3 56. Rd8 a2 57. Ra8 a1=Q 58. Rxa1 Bxa1 59. Kf4 Kc4 60. Ke3 Kxc5
61. Ke2 b5
0-1

[Event "1800 - 2200 Standard Tournament"]
[Site "SchemingMind.com"]
[Date "2006.12.04"]
[Round "-"]
[White "ekulrac"]
[Black "Netferatu"]
[Result "0-1"]
[WhiteCountry "SCO"]
[BlackCountry "ARG"]
[WhiteElo "1711"]
[WhiteRD "53"]
[BlackElo "2083"]
[BlackRD "93"]
[GameID "80030"]

1. e4 e5 2. Nf3 Nc6 3. Bb5 a6 4. Bxc6 dxc6 5. O-O Bg4 6. h3 Bh5 7. g4 Bg6 8. Nxe5 Bd6 9. Nf3 h5 10. e5 Be7
11. g5 Bxg5 12. d3 Bxc1 13. Qxc1 Ne7 14. Nc3 Bf5 15. Qf4 Bxh3 16. Ng5 Bf5 17. Rfe1 Qd7 18. Nxf7 Ng6 19. e6 Nxf4 20. exd7+ Kxf7
21. Re5 Bxd7 22. Rae1 Rae8
0-1

[Event "1800 - 2200 Standard Tournament"]
[Site "SchemingMind.com"]
[Date "2006.12.04"]
[Round "-"]
[White "kotofey"]
[Black "markagodfrey"]
[Result "1-0"]
[WhiteCountry "LAT"]
[BlackCountry "GBR"]
[WhiteElo "2248"]
[WhiteRD "90"]
[BlackElo "2120"]
[BlackRD "70"]
[GameID "80040"]

1. e4 e5 2. Nf3 Nc6 3. Bb5 g6 4. d4 exd4 5. c3 dxc3 6. Nxc3 Bg7 7. Bg5 Nge7 8. Nd5 a6 9. Bxc6 dxc6 10. Bxe7 Qd7
11. Nf6+ Bxf6 12. Bxf6 Qxd1+ 13. Rxd1 O-O 14. Ke2 Be6 15. b3 a5 16. Rd2 c5 17. Rc1 b6 18. Ng5 Bc8 19. Ke3 h6 20. Nf3 Re8
21. e5 Be6 22. Rcd1 a4 23. bxa4 Rxa4 24. Rd8 Ra3+ 25. R1d3 Rxd3+ 26. Kxd3 Rxd8+ 27. Bxd8 Bxa2 28. Bxc7 b5 29. Bd6 f6 30. Bxc5 Kf7
31. exf6 Kxf6 32. Nd4 Bc4+ 33. Kc3 g5 34. Kb4 Bf1 35. g3 g4 36. Nxb5 Bxb5 37. Kxb5 Kf5 38. Kc4 Ke4 39. Be3 h5 40. Bd4 Kf3
41. Kd3 Kg2 42. Ke4 Kxh2 43. Kf4 Kg2 44. Kg5 Kf3 45. Kxh5 Ke4 46. Kxg4 Kd5 47. Kf5
1-0

[Event "1800 - 2200 Standard Tournament"]
[Site "SchemingMind.com"]
[Date "2006.12.04"]
[Round "-"]
[White "kotofey"]
[Black "faulty"]
[Result "1-0"]
[WhiteCountry "LAT"]
[BlackCountry "USA"]
[WhiteElo "2124"]
[WhiteRD "121"]
[BlackElo "1877"]
[BlackRD "77"]
[GameID "80041"]

1. e4 e5 2. Nf3 Nc6 3. Bb5 a6 4. Bxc6 dxc6 5. Nc3 f6 6. d4 exd4 7. Qxd4 Qxd4 8. Nxd4 Ne7 9. Bf4 Kd8 10. O-O-O Bd7
11. Ne6+ Kc8 12. Nxc7 Rb8 13. Rxd7 Kxd7 14. Rd1+ Nd5 15. exd5 g5 16. dxc6+ Kxc6 17. Nxa6 Rc8 18. Nb8+ Kb6 19. Be3+ Kc7 20. Ba7 Rxb8
21. Nb5+ Kc8 22. Bxb8 Bh6 23. Bg3
1-0

[Event "1800 - 2200 Standard Tournament"]
[Site "SchemingMind.com"]
[Date "2006.12.04"]
[Round "-"]
[White "kotofey"]
[Black "Aumonde"]
[Result "1/2-1/2"]
[WhiteCountry "LAT"]
[BlackCountry "USA"]
[WhiteElo "2266"]
[WhiteRD "95"]
[BlackElo "2258"]
[BlackRD "56"]
[GameID "80042"]

1. e4 e5 2. Nf3 Nc6 3. Bb5 Nf6 4. d3 Bc5 5. c3 Qe7 6. O-O a6 7. Bxc6 dxc6 8. Nbd2 b5 9. d4 exd4 10. cxd4 Bb6
11. h3 O-O 12. e5 Nd5 13. Re1 Bf5 14. Ne4 h6 15. Bd2 Rfe8 16. a4 Rad8 17. Qc1 Qe6 18. Nc5 Bxc5 19. Qxc5 Rb8 20. a5 Qd7
21. Nh4 Bd3 22. Ra3 Bh7 23. Rg3 Re6 24. f4 Qd8 25. f5 Qxh4 26. Rg4 Qxe1+ 27. Bxe1 Bxf5 28. Rg3 Ra8 29. Bd2 Be4 30. Qc1 Kh7
31. b4 Rae8 32. Qd1 Bg6 33. Qg4 R8e7 34. Bc3 h5 35. Qg5 Re8 36. Kh2 c5 37. bxc5 Rb8 38. Bd2 c6 39. Rb3 f6 40. exf6 Rxf6
41. Qg3 Re8 42. Bg5 Rfe6 43. Bf4 Re2 44. Bd6 Ne3 45. Qf3 Rxg2+ 46. Kh1 Nc2 47. Be5 Rd2 48. Qf4 Rd1+ 49. Kh2 Nxd4 50. Bxd4 Re4
51. Qf3 Rdxd4 52. Rb2 Rd5 53. Rg2 Re6 54. Qb3 Rde5 55. Rg3 Rf6 56. Qc3 Rff5 57. Rg2 Rxc5 58. Qe3 Rc4 59. Qg3 Rf6 60. Qe5 c5
61. Rg5 Rc2+ 62. Rg2 Rxg2+ 63. Kxg2 c4 64. Qc5 Be4+ 65. Kh2 Rf5 66. Qe7 Bd3 67. Qa7 Rf6 68. Qc5 Kg6 69. Qe7 h4 70. Qe8+ Kh7
71. Qh5+ Rh6 72. Qc5 Be4 73. Kg1 Re6 74. Qh5+ Kg8 75. Qxh4 Bd3 76. Qd8+ Kh7 77. Qh4+ Rh6 78. Qe1 Rxh3 79. Kf2 Rh6 80. Kf3 Rh2=
1/2-1/2

[Event "1800 - 2200 Standard Tournament"]
[Site "SchemingMind.com"]
[Date "2006.12.05"]
[Round "-"]
[White "kotofey"]
[Black "Netferatu"]
[Result "1/2-1/2"]
[WhiteCountry "LAT"]
[BlackCountry "ARG"]
[WhiteElo "2187"]
[WhiteRD "102"]
[BlackElo "2079"]
[BlackRD "82"]
[GameID "80043"]

1. e4 e5 2. Nf3 Nc6 3. Bb5 a6 4. Bxc6 dxc6 5. Nc3 Nf6 6. Nxe5 Nxe4 7. Nxe4 Qd5 8. O-O Qxe5 9. d4 Qf5 10. Ng3 Qf6
11. Nh5 Qg6 12. Re1+ Kd8 13. Nf4 Qf5 14. Re5 Qd7 15. d5 c5 16. Nh5 h6 17. Re4 b6 18. Qf3 f5 19. Re2 Bb7 20. c4 Kc8
21. a4 Kb8 22. Nf4 Bd6 23. Ne6 a5 24. Qxf5 Ka7 25. Qg6 Rae8 26. b3 c6 27. dxc6 Qxc6 28. f4 Rhf8 29. f5 Rf6 30. Nd4=
1/2-1/2

[Event "1800 - 2200 Standard Tournament"]
[Site "SchemingMind.com"]
[Date "2006.12.04"]
[Round "-"]
[White "kotofey"]
[Black "ernesto fonseca"]
[Result "1-0"]
[WhiteCountry "LAT"]
[BlackCountry "NCA"]
[WhiteElo "2248"]
[WhiteRD "90"]
[BlackElo "2050"]
[BlackRD "81"]
[GameID "80044"]

1. e4 e5 2. Nf3 Nc6 3. Bb5 Bc5 4. c3 Nf6 5. O-O a6= 6. Bxc6 dxc6 7. Nxe5 O-O 8. d4 Bd6 9. Nd2 Re8 10. f4 c5
11. Qc2 cxd4 12. cxd4 c5 13. d5 Bxe5 14. fxe5 Nd7= 15. e6 fxe6 16. d6 b5 17. Nf3 Qb6 18. Be3 Qxd6 19. Rad1 Qc7 20. e5 g6
21. Ng5 Qxe5 22. Qf2 Rf8 23. Nf7 Qg7 24. Nh6+ Qxh6 25. Bxh6 Rxf2 26. Rxf2 e5 27. Rd5 b4 28. Rxe5 Bb7 29. Re7 Bc6 30. Rff7
1-0

[Event "1800 - 2200 Standard Tournament"]
[Site "SchemingMind.com"]
[Date "2006.12.09"]
[Round "-"]
[White "kotofey"]
[Black "egis"]
[Result "1-0"]
[WhiteCountry "LAT"]
[BlackCountry "LTU"]
[WhiteElo "2271"]
[WhiteRD "94"]
[BlackElo "1988"]
[BlackRD "77"]
[GameID "80045"]

1. e4 e5 2. Nf3 Nc6 3. Bb5 Nf6 4. O-O Bc5 5. c3 O-O 6. d4 exd4 7. cxd4 Be7 8. d5 Na5 9. Be2 b6 10. e5 Ne8
11. Nc3 d6 12. b4 Nb7 13. Nd4 dxe5 14. Nc6 Qd6 15. Ne4 Qd7 16. Nxe5 Qd8 17. Nc6 Qd7 18. Re1 Ned6 19. Bg4 Qxg4 20. Nxe7+ Kh8
21. Qxg4 Bxg4 22. Bf4 Rfe8 23. Nxd6 Nxd6 24. Rac1 Nb5 25. f3 Be6 26. a4 Nd4 27. Rxc7 Bxd5 28. Be5 Ne6 29. Nxd5 f6 30. Rf7 fxe5
31. Rxe5 Kg8 32. Rb7 Kf8 33. Kf2 h6 34. Re4 Kg8 35. Ne7+ Kf7 36. Nf5+ Kf6 37. Ne3 Kg6 38. f4 Kh7 39. f5 Ng5 40. Rxe8 Rxe8
41. Rxa7 Ne4+ 42. Ke2 Rd8 43. a5 bxa5 44. bxa5 Rd2+ 45. Kf3 Ng5+ 46. Kg3 Ra2 47. Nd5 Kg8 48. a6 Ne4+ 49. Kf4 Nc5 50. Ra8+ Kf7
51. a7 Ra4+ 52. Ke5 Ra5 53. Kd6 Ne4+ 54. Kc7 Ra1 55. Nb4 Nc3 56. Kb6 Na4+ 57. Kb7 Nc5+ 58. Kc6 Ne4 59. Kb6 Nd6 60. Nc2 Nc4+
61. Kc5 Ra4 62. Kb5 Nb2 63. Nb4 Ra3 64. Na6 Rb3+ 65. Kc5 Na4+ 66. Kd4 Nc3 67. Kc4 Ra3 68. Rf8+ Kxf8 69. a8=Q+ Kf7 70. Qb7+ Kf6
71. Qb6+ Ke5 72. Qc5+ Kf4 73. Qxa3
1-0

[Event "1800 - 2200 Standard Tournament"]
[Site "SchemingMind.com"]
[Date "2006.12.04"]
[Round "-"]
[White "kotofey"]
[Black "Mariazb"]
[Result "1-0"]
[WhiteCountry "LAT"]
[BlackCountry "ARG"]
[WhiteElo "2187"]
[WhiteRD "102"]
[BlackElo "2198"]
[BlackRD "71"]
[GameID "80046"]

1. e4 e5 2. Nf3 Nc6 3. Bb5 Nf6 4. O-O Bc5 5. c3 a6 6. Bxc6 dxc6 7. Nxe5 O-O 8. d4 Bd6 9. Qc2 Qe7 10. f4 c5
11. Be3 b5 12. Nd2 Bb7 13. Rae1 c4 14. d5 Bxe5 15. fxe5 Qxe5 16. Bd4 Qe7 17. Rxf6 gxf6 18. Qd1 Rfd8 19. Qg4+ Kh8 20. Rf1 Rg8
21. Qh4 Rg6 22. Rxf6 Rg7 23. Nf1 Re8 24. Ng3 Bc8 25. Qh6
1-0

[Event "1800 - 2200 Standard Tournament"]
[Site "SchemingMind.com"]
[Date "2006.12.04"]
[Round "-"]
[White "kotofey"]
[Black "ekulrac"]
[Result "1-0"]
[WhiteCountry "LAT"]
[BlackCountry "SCO"]
[WhiteElo "2124"]
[WhiteRD "121"]
[BlackElo "1702"]
[BlackRD "59"]
[GameID "80047"]

1. e4 e5 2. Nf3 Nc6 3. Bb5 a6 4. Ba4 Nf6 5. O-O b5 6. Bb3 Be7 7. Re1 d6 8. h3 O-O 9. c3 h6 10. d4 Nh7
11. Nbd2 Ng5 12. Bd5 Bd7 13. dxe5 dxe5 14. Nxg5 Bxg5 15. Nb3 Rb8 16. Nc5 Be8 17. Bxg5 Qxg5 18. Nxa6 Rc8 19. Re3 Ne7 20. Bb7 f5
21. Bxc8 f4 22. Be6+ Kh8 23. Rd3 Ng6 24. Nxc7 Bc6 25. Bd5 Bxd5 26. exd5 Nh4 27. Qg4
1-0

[Event "1800 - 2200 Standard Tournament"]
[Site "SchemingMind.com"]
[Date "2006.12.04"]
[Round "-"]
[White "kotofey"]
[Black "Marvol"]
[Result "1-0"]
[WhiteCountry "LAT"]
[BlackCountry "GBR"]
[WhiteElo "2257"]
[WhiteRD "94"]
[BlackElo "1839"]
[BlackRD "101"]
[GameID "80048"]

1. e4 e5 2. Nf3 Nc6 3. Bb5 Bc5 4. c3 Nf6 5. d4 exd4 6. e5 Ne4 7. Qe2 d5 8. exd6 Bf5 9. Bxc6+ bxc6 10. Nxd4 Bxd4
11. cxd4 O-O 12. dxc7 Qxd4 13. O-O Nf6 14. Rd1 Qb6 15. Qe5 Bc2 16. Be3 Ng4 17. Bxb6 Nxe5 18. Rc1 axb6 19. Rxc2 Ra7 20. f4 Nd7
21. Rxc6 Rc8 22. Nc3 Rcxc7 23. Rd6 Rc4 24. Rad1 Nf8 25. Rxb6 Rxf4 26. Rb8 f5 27. Rdd8 Rf7 28. Nd5 Re4 29. a4 g6 30. b4 Kg7
31. a5 Ne6 32. Rd6 Nf4 33. Nxf4 Rxf4 34. a6 Re4 35. Rd2
1-0

[Event "1800 - 2200 Standard Tournament"]
[Site "SchemingMind.com"]
[Date "2006.12.04"]
[Round "-"]
[White "markagodfrey"]
[Black "kotofey"]
[Result "1/2-1/2"]
[WhiteCountry "GBR"]
[BlackCountry "LAT"]
[WhiteElo "2129"]
[WhiteRD "72"]
[BlackElo "2187"]
[BlackRD "102"]
[GameID "80049"]

1. e4 e5 2. Nf3 Nc6 3. Bb5 a6 4. Bxc6 dxc6 5. O-O Qd6 6. Na3 Be6 7. Qe2 Ne7 8. Nc4 Bxc4 9. Qxc4 Ng6 10. Rd1 Qc5
11. Qxc5 Bxc5 12. c3 O-O-O 13. d3 Rd6 14. Kf1 Rhd8 15. b4 Bb6 16. Ke2 c5 17. bxc5 Bxc5 18. Be3 Bxe3=
1/2-1/2

[Event "1800 - 2200 Standard Tournament"]
[Site "SchemingMind.com"]
[Date "2006.12.04"]
[Round "-"]
[White "faulty"]
[Black "kotofey"]
[Result "0-1"]
[WhiteCountry "USA"]
[BlackCountry "LAT"]
[WhiteElo "1877"]
[WhiteRD "77"]
[BlackElo "2124"]
[BlackRD "121"]
[GameID "80050"]

1. e4 e5 2. Nf3 Nc6 3. Bb5 a6 4. Ba4 Nf6 5. O-O Be7 6. Re1 b5 7. Bb3 O-O 8. c3 d5 9. exd5 Nxd5 10. Nxe5 Nxe5
11. Rxe5 c6 12. Bxd5 cxd5 13. d4 Bd6 14. Re3 Qh4 15. g3 Bg4 16. gxh4 Bxd1 17. Nd2 f5 18. Re1 Bh5 19. Nf1 f4 20. Bd2 Rf6
21. f3 Bxf3 22. Kf2 Be4 23. Re2 Rg6 24. Ke1 Re8 25. Rc1 Rg1 26. Kf2 Rg2+ 27. Ke1 f3 28. Rf2 Bd3+
0-1

[Event "1800 - 2200 Standard Tournament"]
[Site "SchemingMind.com"]
[Date "2006.12.04"]
[Round "-"]
[White "Aumonde"]
[Black "kotofey"]
[Result "1/2-1/2"]
[WhiteCountry "USA"]
[BlackCountry "LAT"]
[WhiteElo "2254"]
[WhiteRD "55"]
[BlackElo "2248"]
[BlackRD "90"]
[GameID "80051"]

1. e4 e5 2. Nf3 Nc6 3. Bb5 a6 4. Bxc6 dxc6 5. d4 exd4 6. Qxd4 Qxd4 7. Nxd4 Bd7 8. Be3 O-O-O 9. Nc3 Nf6 10. f3 Bd6
11. O-O-O b6 12. Nde2 Be6 13. Nf4 Kb7 14. Nxe6 fxe6 15. Ne2 c5 16. Kb1 Rd7= 17. c4 Rhd8 18. Kc2 Kc6 19. Nc1 Be5 20. Nd3 Bd4
21. Rhe1 h6 22. h4 b5 23. b3 Kb6 24. Bf4 Nh5 25. Bc1 e5= 26. g4 Nf6 27. g5 hxg5 28. Bxg5 Re8 29. f4 exf4 30. e5 Nh5
31. Bxf4 Rde7 32. Bh2 Re6 33. Rd2 Rg6 34. Rde2 Ree6 35. Bf4 Rg4 36. Bg5 b4 37. Re4 Rg2+ 38. Bd2 a5 39. R1e2 Rxe2 40. Rxe2 Ng3
41. Re1 Kc6 42. Kb1 Re8 43. e6 Nf5 44. Bg5 Bc3 45. Re4 Ng3 46. Rg4 Nh5 47. Bc1 Bf6 48. Re4 Ng3 49. Re1 Nf5 50. h5 Nd4
51. Nf4 Kd6 52. Be3 Bg5 53. Rg1=
1/2-1/2

[Event "1800 - 2200 Standard Tournament"]
[Site "SchemingMind.com"]
[Date "2006.12.04"]
[Round "-"]
[White "ernesto fonseca"]
[Black "kotofey"]
[Result "1/2-1/2"]
[WhiteCountry "NCA"]
[BlackCountry "LAT"]
[WhiteElo "2007"]
[WhiteRD "88"]
[BlackElo "2109"]
[BlackRD "120"]
[GameID "80053"]

1. e4 e5 2. Nf3 Nc6 3. Bb5 a6 4. Bxc6 dxc6 5. O-O Qd6 6. Na3 Be6 7. d3 O-O-O 8. Ng5 Nf6 9. Qf3 Be7 10. Be3 Kb8
11. Nc4 Bxc4 12. dxc4 Rhf8 13. a3 Qd7 14. Rfd1 Qc8 15. Rxd8 Qxd8 16. Qe2 Qc8 17. Re1 h6 18. Nf3 Qe6=
1/2-1/2

[Event "1800 - 2200 Standard Tournament"]
[Site "SchemingMind.com"]
[Date "2006.12.09"]
[Round "-"]
[White "egis"]
[Black "kotofey"]
[Result "0-1"]
[WhiteCountry "LTU"]
[BlackCountry "LAT"]
[WhiteElo "1963"]
[WhiteRD "84"]
[BlackElo "2266"]
[BlackRD "95"]
[GameID "80054"]

1. e4 e5 2. Nf3 Nc6 3. Bb5 a6 4. Bxc6 dxc6 5. O-O Qd6 6. Nc3 Bg4 7. d3 O-O-O 8. Bg5 Be7 9. Be3 Nf6 10. b3 h6
11. h3 Bh5 12. Na4 Nh7 13. c4 Ng5 14. Bxg5 hxg5 15. Nc3 g4 16. Nd2 gxh3 17. g4 Qg6 18. Kh1 Bxg4 19. f3 Be6 20. Rg1 Qh6
21. Qe2 Bc5 22. Rg3 g6 23. Re1 Bd4 24. Nd1 Qh4 25. Qh2 f5 26. Re2 f4 27. Rxg6 Rdg8 28. Rxg8+ Rxg8 29. Nf1 Qh5 30. Rf2 Bxf2
31. Qxf2 Rg2 32. Qxg2 hxg2+ 33. Kxg2 Bh3+ 34. Kf2 Bxf1 35. Nc3 Bxd3 36. Ke1 Qxf3 37. b4 Bxc4 38. Kd2 Qd3+ 39. Ke1 Qxc3+
0-1

[Event "1800 - 2200 Standard Tournament"]
[Site "SchemingMind.com"]
[Date "2006.12.04"]
[Round "-"]
[White "Mariazb"]
[Black "kotofey"]
[Result "1/2-1/2"]
[WhiteCountry "ARG"]
[BlackCountry "LAT"]
[WhiteElo "2267"]
[WhiteRD "65"]
[BlackElo "2248"]
[BlackRD "90"]
[GameID "80055"]

1. e4 e5 2. Nf3 Nc6 3. Bb5 a6 4. Bxc6 dxc6 5. O-O Bg4 6. h3 h5 7. d3 Qf6 8. Nbd2 Ne7 9. Re1 Ng6 10. d4 Bd6
11. c4 O-O-O 12. c5 Bxf3 13. Nxf3 Be7 14. Qb3 Nh4 15. Nxh4 Qxh4 16. dxe5 Bxc5 17. Be3 Bxe3 18. Qxe3 Kb8 19. Rad1 Qe7 20. f4 Rhg8
21. Qc3 g5 22. f5 g4 23. Rxd8+ Qxd8 24. hxg4 hxg4 25. Kf2 Qg5 26. Qe3 g3+ 27. Ke2 Qe7 28. Qc3 Qh4 29. Qe3 Re8 30. Kf3 Qh5+
31. Kf4 Rg8 32. Qc3 Qg4+ 33. Ke3 Rd8 34. Rf1 Qg5+=
1/2-1/2

[Event "1800 - 2200 Standard Tournament"]
[Site "SchemingMind.com"]
[Date "2006.12.04"]
[Round "-"]
[White "ekulrac"]
[Black "kotofey"]
[Result "0-1"]
[WhiteCountry "SCO"]
[BlackCountry "LAT"]
[WhiteElo "1702"]
[WhiteRD "59"]
[BlackElo "2124"]
[BlackRD "121"]
[GameID "80056"]

1. e4 e5 2. Nf3 Nc6 3. Bb5 a6 4. Bxc6 dxc6 5. O-O Qd6 6. d3 Nh6 7. Bg5 f6 8. Bh4 Be6 9. Bg3 O-O-O 10. Nbd2 g5
11. d4 Qd7 12. c3 g4 13. Ne1 exd4 14. Nb3 dxc3 15. Qc2 Bc4 16. Qxc3 Bxf1 17. Kxf1 Qe6 18. Qa5 Bd6 19. Nc5 Qc4+ 20. Ned3 b6
21. Qxa6+ Qxa6 22. Nxa6 Bxg3
0-1